Szczegóły MARC21

Diatryby ; Encheiridion z dodaniem Fragmentów oraz Gnomologium Epiktetowego /

003 -Nazwa inst., której nr kontr. jest w polu 001 [,]
    • @
    • Nazwa instytucji, której n kontrolny jest w polu 001
    • NUKAT
005 -DATA I CZAS OSTATNIEJ MODYFIKACJI [,]
    • @
    • pole kontrolne
    • 20250710205331.0
040 -Instytucja sporządzająca opis [ , ]
    • a
    • Instytucja, która sporządziła opis (NP)
    • WR U/PAd
    • c
    • Instytucja, która sporządziła rekord (NP)
    • WR U/jm
    • d
    • Instytucja, która zmodyfikowała rekord (P)
    • WR U/jm
    • d
    • Instytucja, która zmodyfikowała rekord (P)
    • KIEL 010/EAs
    • d
    • Instytucja, która zmodyfikowała rekord (P)
    • ROMA PAN/OK
    • d
    • Instytucja, która zmodyfikowała rekord (P)
    • GL 001/ML
041 -Język dokumentu [1, ]
    • a
    • Język tekstu (P)
    • polski
    • h
    • Język tekstu oryginalnego i/lub pośredniego (P)
    • grecki, starożytny (do 1453)
942 -Rodzaj dokumentu [ , ]
    • c
    • Rodzaj dokumentu
    • Książka
100 -Hasło główne - nazwa osobowa [0, ]
    • a
    • Nazwa osobowa (NP)
    • Epictetus
    • d
    • Daty biograficzne (NP)
    • (około 50-około 138).
    • 9
    • KHW
    • 234427
240 -Tytuł ujednolicony [1,0]
    • a
    • Tytuł ujednolicony
    • Diatrivai
    • l
    • Język tekstu
    • (pol.)
    • 9
    • KHW
    • 502491
245 -Strefa tytułu i oznaczenia odpowiedzialności [1,0]
    • a
    • Tytuł
    • Diatryby ; Find
    • b
    • Ciąg dalszy tytułu (NP)
    • Encheiridion z dodaniem Fragmentów oraz Gnomologium Epiktetowego / Find
    • c
    • Pozostałe elementy strefy tytułu i oznaczenia odpowiedzialności (NP)
    • Epiktet ; z jęz. grec. przeł. i oprac. Leon Joachimowicz ; [Polska Akademia Nauk].
260 -Strefa adresu wydawniczego [ , ]
    • a
    • Miejsce wydania (P)
    • Warszawa :
    • b
    • Nazwa wydawcy (P)
    • Państwowe Wydawnictwo Naukowe,
    • c
    • Data wydania (P)
    • 1961.
300 -Strefa opisu fizycznego [ , ]
    • a
    • Określenie formy książki i/lub objętość (NP)
    • XXII, 555, [4] s., [1] k. tabl. :
    • b
    • Oznaczenie ilustracji (NP)
    • il., err. ;
    • c
    • Format (NP)
    • 20 cm.
336 -Typ zawartości [ , ]
    • a
    • Termin opisujący typ zawartości
    • Tekst
    • b
    • Kod określający zawartość
    • txt
    • 2
    • Źródło (terminu i kodu)
    • rdacontent
337 -Typ mediów [ , ]
    • a
    • Tryb odtwarzania
    • Bez urządzenia pośredniczącego
    • b
    • Kod typu mediów
    • n
    • 2
    • Źródło (terminu i kodu)
    • rdamedia
338 -Typ/rodzaj nośnika [ , ]
    • a
    • Hasło opisujące typ nośnika
    • Wolumin
    • b
    • Kod typu nośnika
    • nc
    • 2
    • Źródło (terminu i kodu)
    • rdacarrier
490 -Strefa serii i książki wielotomowej - forma nie do wyszukiwania [1, ]
    • a
    • Tytuł (P)
    • Biblioteka Klasyków Filozofii Find
830 -Hasło dodatkowe serii i opisu książki wielotomowej - tytuł ujednolicony/tytuł [ ,0]
    • a
    • Tytuł ujednolicony/tytuł (NP)
    • Biblioteka Klasyków Filozofii
    • 9
    • KHW
    • 10303
504 -Uwaga dot. bibliogr. załącznikowej [ , ]
    • a
    • Uwaga dot. bibliografii załącznikowej
    • Indeksy.
080 -Uniwersalna Klasyfikacja Dziesiętna [ , ]
    • 2
    • Identyfikator wydania tablic
    • UDC-P022
    • a
    • Symbol klasyfikacji
    • 1
    • b
    • Dopowiedzenie
    • Filozofia. Psychologia.
    • x
    • Poddział wspólny
    • (37)
    • b
    • Dopowiedzenie
    • (Rzym. Italia).
    • x
    • Poddział wspólny
    • "00/01"
080 -Uniwersalna Klasyfikacja Dziesiętna [ , ]
    • 2
    • Identyfikator wydania tablic
    • UDC-P022
    • a
    • Symbol klasyfikacji
    • 14
    • b
    • Dopowiedzenie
    • Systemy filozoficzne. Światopogląd.
    • x
    • Poddział wspólny
    • "00/01"
080 -Uniwersalna Klasyfikacja Dziesiętna [ , ]
    • 2
    • Identyfikator wydania tablic
    • UDC-P022
    • a
    • Symbol klasyfikacji
    • 17
    • b
    • Dopowiedzenie
    • Etyka. Moralność. Filozofia praktyczna.
    • x
    • Poddział wspólny
    • "00/01"
650 -Hasło przedmiotowe [ ,7]
    • a
    • Hasło przedmiotowe
    • Filozofia starożytna.
    • 2
    • Źródło terminu
    • kaba
    • 9
    • KHW
    • 108769
650 -Hasło przedmiotowe [ ,7]
    • a
    • Hasło przedmiotowe
    • Stoicy.
    • 2
    • Źródło terminu
    • kaba
    • 9
    • KHW
    • 131232
980 -Symbol UKD [ , ]
    • a
    • UKD
    • 1(37):14:17]"00/01"
700 -Hasło dodatkowe - nazwa osobowa [1, ]
    • a
    • Nazwa osobowa (NP)
    • Joachimowicz, Leon Find
    • d
    • Daty biograficzne (NP)
    • (1915-1977).
    • e
    • Określenie rodzaju współpracy
    • Oprac.
    • 9
    • KHW
    • 20466
700 -Hasło dodatkowe - nazwa osobowa [0,2]
    • a
    • Nazwa osobowa (NP)
    • Epictetus Find
    • d
    • Daty biograficzne (NP)
    • (około 50-około 138).
    • t
    • Tytuł ujednolicony/tytuł (NP)
    • Egcheiridion Find
    • l
    • Język tekstu (NP)
    • (pol.)
    • 9
    • KHW
    • 492624
710 -Hasło dodatkowe - nazwa ciała zbiorowego [2, ]
    • a
    • Nazwa ciała zbiorowego lub nazwa geograficzna jako pierwszy element (NP)
    • Państwowe Wydawnictwo Naukowe (1951-1992).
    • 4
    • Kod relacji
    • pbl
    • 9
    • KHW
    • 52048
740 -Hasło dodatkowe - tytuł [0,2]
    • a
    • Tytuł
    • Fragmenty
740 -Hasło dodatkowe - tytuł [0,2]
    • a
    • Tytuł
    • Gnomologium Epikteta
Data inwentaryzacji Lokalizacja Sygnatura Numer inwentarzowy Status udost.
 BE E.48231
 BG SN.21849-3
2006-06-27BNS H.145871
 BNS14/E-62ANS.629941
2006-06-27BNS F.19678-3